000 00530nam a2200181Ia 4500
005 20250508152649.0
008 008 250505s9999 xx 000 0 eng d
037 _aTextual
040 _aFEDL
_beng
_cFEDL
041 _aeng
_2eng
084 _a920, UNT
_qFEDL
100 _aUntermeyer Louis
245 0 _aLives of the poets: The story of one thousand years of english and American poetry
260 _aLondon, UK
_bW H Allen
_c1960
300 _ax,757p.
942 _cTEXL
_h920, UNT
999 _c1337887
_d1337887